Estilos, escuelas y movimientos : (Record no. 29909)

MARC details
000 -LEADER
fixed length control field 00937nam a22002297a 4500
005 - DATE AND TIME OF LATEST TRANSACTION
control field 20150124123318.0
008 - FIXED-LENGTH DATA ELEMENTS--GENERAL INFORMATION
fixed length control field 120316t si||||| |||| 00| 0 spa d
020 ## - INTERNATIONAL STANDARD BOOK NUMBER
International Standard Book Number 9788498013399
050 04 - LIBRARY OF CONGRESS CALL NUMBER
Classification number N6490
Item number D46 2008
100 1# - MAIN ENTRY--PERSONAL NAME
Personal name Dempsey, Amy
245 10 - TITLE STATEMENT
Title Estilos, escuelas y movimientos :
Remainder of title Guía enciclopédica del arte moderno
Statement of responsibility, etc / Amy Demsey ; traducción Margarita Gutiérrez Manuel ; coordinador Cristina Rodríguez Fisher
250 ## - EDITION STATEMENT
Edition statement 1a ed.
260 ## - PUBLICATION, DISTRIBUTION, ETC. (IMPRINT)
Place of publication, distribution, etc Singapur :
Name of publisher, distributor, etc Blume,
Date of publication, distribution, etc 2008
300 ## - PHYSICAL DESCRIPTION
Extent 304 p. :
Other physical details il. ;
Dimensions 28 cm.
500 ## - GENERAL NOTE
General note Traducción de : Styles, Schools and Movements
504 ## - BIBLIOGRAPHY, ETC. NOTE
Bibliography, etc Incluye glosario e índice
650 #7 - SUBJECT ADDED ENTRY--TOPICAL TERM
Source of heading or term LEMB.
Topical term or geographic name as entry element Arte
Topical term following geographic name as entry element Pintura
Form subdivision Enciclopedias
General subdivision Historia
650 #7 - SUBJECT ADDED ENTRY--TOPICAL TERM
Source of heading or term LEMB.
Topical term or geographic name as entry element Arte moderno-siglo XIX
Topical term following geographic name as entry element Arte moderno-siglo XX
Form subdivision Enciclopedias
General subdivision Arte moderno-siglo XXI
700 #1 - ADDED ENTRY--PERSONAL NAME
Personal name Gutiérrez Manuel, Margarita.,
Relator term tr.
700 #1 - ADDED ENTRY--PERSONAL NAME
Personal name Rodríguez Fisher, Cristina.,
Relator term coord.
942 ## - ADDED ENTRY ELEMENTS (KOHA)
Source of classification or shelving scheme Clasificación Decimal Dewey
Koha item type Libro
Holdings
Estado de pérdida Fuente de clasificación Estado del daño No para préstamo Ubicación permanente Ubicación actual Apartado o colección Fecha de adquisición Clasificación Código de Barras Date last seen Número de copia Tipo de recurso
  Biblioteca del Cogreso de los Estados Unidos     Biblioteca de la Facultad de Bellas Artes Biblioteca de la Facultad de Bellas Artes General 16/03/2012 N6490 D46 2008 BBA000001325 16/01/2015 C : 1 Libro